Essential Maple 7 An Introduction for Scientific Programmers /

This book provides an accelerated introduction to Maple for scientific programmers who already have experience in other computer languages (such as C, Pascal, or FORTRAN). It gives an overview of the most commonly used constructs and an elementary introduction to Maple programming. The new edition i...

Πλήρης περιγραφή

Λεπτομέρειες βιβλιογραφικής εγγραφής
Κύριος συγγραφέας: Corless, Robert M. (Συγγραφέας)
Συγγραφή απο Οργανισμό/Αρχή: SpringerLink (Online service)
Μορφή: Ηλεκτρονική πηγή Ηλ. βιβλίο
Γλώσσα:English
Έκδοση: New York, NY : Springer New York, 2002.
Θέματα:
Διαθέσιμο Online:Full Text via HEAL-Link
LEADER 02912nam a22005415i 4500
001 978-0-387-21557-0
003 DE-He213
005 20151204153416.0
007 cr nn 008mamaa
008 100301s2002 xxu| s |||| 0|eng d
020 |a 9780387215570  |9 978-0-387-21557-0 
024 7 |a 10.1007/b97270  |2 doi 
040 |d GrThAP 
050 4 |a QA76.75-76.765 
072 7 |a UFM  |2 bicssc 
072 7 |a COM077000  |2 bisacsh 
082 0 4 |a 004  |2 23 
100 1 |a Corless, Robert M.  |e author. 
245 1 0 |a Essential Maple 7  |h [electronic resource] :  |b An Introduction for Scientific Programmers /  |c by Robert M. Corless. 
264 1 |a New York, NY :  |b Springer New York,  |c 2002. 
300 |a XV, 282 p.  |b online resource. 
336 |a text  |b txt  |2 rdacontent 
337 |a computer  |b c  |2 rdamedia 
338 |a online resource  |b cr  |2 rdacarrier 
347 |a text file  |b PDF  |2 rda 
505 0 |a Basics -- Useful One-Word Commands -- Programming in Maple. 
520 |a This book provides an accelerated introduction to Maple for scientific programmers who already have experience in other computer languages (such as C, Pascal, or FORTRAN). It gives an overview of the most commonly used constructs and an elementary introduction to Maple programming. The new edition is substantially updated throughout. In particular, there are new programming features especially modules, nested lexical scopes, documentation features, and object-oriented support), a new solution of differential equations, and new plotting features. Review of Earlier Edition "It is especially nice for people like us, who have done some C and FORTRAN programming in our time, but would like to take better advantage of a tool like Maple. It discusses things of key importance to a scientific programmer and does not go on and on with things you'd never use anyway. The examples are terrific--beyond description. I have informed my colleagues here that this is a must-have..." (Brynjulf Owren, Department of Mathematical Sciences, The Norwegian Institute of Technology). 
650 0 |a Mathematics. 
650 0 |a Information technology. 
650 0 |a Business  |x Data processing. 
650 0 |a Programming languages (Electronic computers). 
650 0 |a Computer software. 
650 0 |a Physics. 
650 0 |a Computational intelligence. 
650 1 4 |a Mathematics. 
650 2 4 |a Mathematical Software. 
650 2 4 |a Programming Languages, Compilers, Interpreters. 
650 2 4 |a Mathematical Methods in Physics. 
650 2 4 |a Computational Intelligence. 
650 2 4 |a Numerical and Computational Physics. 
650 2 4 |a IT in Business. 
710 2 |a SpringerLink (Online service) 
773 0 |t Springer eBooks 
776 0 8 |i Printed edition:  |z 9780387953526 
856 4 0 |u http://dx.doi.org/10.1007/b97270  |z Full Text via HEAL-Link 
912 |a ZDB-2-SMA 
912 |a ZDB-2-BAE 
950 |a Mathematics and Statistics (Springer-11649)